|
|
|
|
| LEADER |
01360nam a2200289 u 4500 |
| 001 |
10023329 |
| 003 |
upatras |
| 005 |
20230517124108.0 |
| 008 |
990722s1996 us eng |
| 020 |
|
|
|a 0815108370
|
| 040 |
|
|
|a GR-PaULI
|c GR-PaULI
|
| 041 |
0 |
|
|a eng
|
| 082 |
0 |
4 |
|a 570
|
| 100 |
1 |
|
|a Dennehy, Carolyn A.,
|d 1949-
|9 149265
|
| 245 |
1 |
0 |
|a Biology
|b understanding life
|b student study guide:a manual to assist students in the development of biological science concepts
|c Carolyn A. Dennehy
|
| 260 |
|
|
|a St. Louis
|b Mosby
|c 1996
|
| 300 |
|
|
|a 652 p.
|b fig., tab.
|c 28 cm.
|
| 650 |
|
4 |
|a Βιολογία
|9 247
|
| 650 |
|
4 |
|a Βιολογία
|x Γενικές αρχές
|9 28091
|
| 650 |
|
4 |
|9 111478
|a Βιολογία
|x Προβλήματα, ασκήσεις κλπ.
|
| 852 |
|
|
|a GR-PaULI
|b ΠΑΤΡΑ
|b ΒΚΠ
|b ΒΣ1
|k ΑΣΧΞ
|h 570 DEN
|m 045596
|p 025000058940
|t 1
|
| 852 |
|
|
|a GR-PaULI
|b ΠΑΤΡΑ
|b ΒΚΠ
|b ΒΣ1
|k ΑΣΧΞ
|h 570 DEN
|m 045595
|p 025000058939
|t 2
|
| 942 |
|
|
|2 ddc
|c BK15
|
| 952 |
|
|
|0 0
|1 0
|4 0
|6 570_000000000000000_DEN
|7 0
|9 189907
|a LISP
|b LISP
|c BSC
|d 2016-04-24
|i 045596
|l 0
|o 570 DEN
|p 025000058940
|r 2016-04-24 00:00:00
|t 1
|w 2016-04-24
|y BK15
|
| 952 |
|
|
|0 0
|1 0
|4 0
|6 570_000000000000000_DEN
|7 0
|9 189908
|a LISP
|b LISP
|c BSC
|d 2016-04-24
|i 045595
|l 0
|o 570 DEN
|p 025000058939
|r 2016-04-24 00:00:00
|t 2
|w 2016-04-24
|y BK15
|
| 998 |
|
|
|c ΣΚΟΝΔΡΑ
|d 2010-04
|
| 999 |
|
|
|c 116967
|d 116967
|